<?xml version="1.0" encoding="UTF-8"?>
<record
    xmlns:xsi="http://www.w3.org/2001/XMLSchema-instance"
    xsi:schemaLocation="http://www.loc.gov/MARC21/slim http://www.loc.gov/standards/marcxml/schema/MARC21slim.xsd"
    xmlns="http://www.loc.gov/MARC21/slim">

  <leader>01739naa a22003497a 4500</leader>
  <controlfield tag="001">BR8500407</controlfield>
  <controlfield tag="003">BR-BrBNA</controlfield>
  <controlfield tag="005">20240918175508.0</controlfield>
  <controlfield tag="007">ta</controlfield>
  <controlfield tag="008">230509b bl.||||| |||| 00| 0 por d</controlfield>
  <datafield tag="040" ind1=" " ind2=" ">
    <subfield code="a">BR-BrBNA</subfield>
    <subfield code="b">por</subfield>
    <subfield code="c">Biblioteca Nacional de Agricultura</subfield>
  </datafield>
  <datafield tag="041" ind1=" " ind2=" ">
    <subfield code="a">(Pt)</subfield>
  </datafield>
  <datafield tag="072" ind1=" " ind2=" ">
    <subfield code="a">F30; F60</subfield>
    <subfield code="b">3240</subfield>
    <subfield code="b">G514</subfield>
  </datafield>
  <datafield tag="090" ind1=" " ind2=" ">
    <subfield code="a">F30 BR8500407</subfield>
  </datafield>
  <datafield tag="100" ind1="1" ind2=" ">
    <subfield code="a">Menck, A.L. de M.</subfield>
  </datafield>
  <datafield tag="100" ind1="1" ind2=" ">
    <subfield code="a">Oda, S.</subfield>
  </datafield>
  <datafield tag="100" ind1="1" ind2=" ">
    <subfield code="a">Garlipp, R.C.D.</subfield>
  </datafield>
  <datafield tag="100" ind1="1" ind2=" ">
    <subfield code="a">Kageyama, P.Y.</subfield>
  </datafield>
  <datafield tag="111" ind1="1" ind2=" ">
    <subfield code="a">Simposio Internacional: Metodos de Producao e Controle de Qualidade de Sementes e Mudas Florestais</subfield>
    <subfield code="c">Curitiba, PR (Brazil)</subfield>
    <subfield code="d">19-23 Mar 1984</subfield>
  </datafield>
  <datafield tag="245" ind1="1" ind2=" ">
    <subfield code="a">Programa de melhoramento genetico com Eucalyptus saligna na Companhia Suzano de Papel e Celulose [eucalipto, melhoramento genetico vegetal, reproducao vegetal, teste de progenie, Sao Paulo, Brasil]</subfield>
  </datafield>
  <datafield tag="246" ind1="1" ind2=" ">
    <subfield code="a">Genetic improvement program with Eucalyptus saligna at Companhia Suzano de Papel e Celulose [eucalipt, plant breeding, plant reproduction, progeny test, Sao Paulo, Brazil]</subfield>
  </datafield>
  <datafield tag="246" ind1="1" ind2=" ">
    <subfield code="a">International symposium: methods for production and quality control of forest seeds and seedlings</subfield>
  </datafield>
  <datafield tag="260" ind1="3" ind2=" ">
    <subfield code="a">Curitiba, PR (Brasil): </subfield>
    <subfield code="c">1984. </subfield>
  </datafield>
  <datafield tag="500" ind1=" " ind2=" ">
    <subfield code="a">Simposio internacional: metodos de producao e controle de qualidade de sementes e mudas florestais
Curitiba, PR (Brasil): 1984. p. 40-50
(BR8500407-AM)F30
</subfield>
  </datafield>
  <datafield tag="650" ind1=" " ind2=" ">
    <subfield code="a">MELHORAMENTO GENETICO VEGETAL</subfield>
  </datafield>
  <datafield tag="650" ind1=" " ind2=" ">
    <subfield code="a">EUCALIPTO</subfield>
  </datafield>
  <datafield tag="650" ind1=" " ind2=" ">
    <subfield code="a">REPRODUCAO VEGETAL</subfield>
  </datafield>
  <datafield tag="650" ind1=" " ind2=" ">
    <subfield code="a">TESTE DE PROGENIE</subfield>
  </datafield>
  <datafield tag="773" ind1="0" ind2=" ">
    <subfield code="t">Simposio internacional: metodos de producao e controle de qualidade de sementes e mudas florestais</subfield>
    <subfield code="w">F30 BR8500407</subfield>
    <subfield code="g">Curitiba, PR (Brasil), 1984. p. 40-50</subfield>
  </datafield>
  <datafield tag="909" ind1=" " ind2=" ">
    <subfield code="a">202404</subfield>
    <subfield code="b">Lucia</subfield>
    <subfield code="c">55</subfield>
    <subfield code="d">Lucia Elande</subfield>
  </datafield>
  <datafield tag="942" ind1=" " ind2=" ">
    <subfield code="c">AM</subfield>
    <subfield code="2">AGRIS</subfield>
  </datafield>
  <datafield tag="999" ind1=" " ind2=" ">
    <subfield code="c">316990</subfield>
    <subfield code="d">316990</subfield>
  </datafield>
  <datafield tag="952" ind1=" " ind2=" ">
    <subfield code="0">0</subfield>
    <subfield code="2">AGRIS</subfield>
    <subfield code="4">0</subfield>
    <subfield code="7">0</subfield>
    <subfield code="8">Acervo Geral</subfield>
    <subfield code="a">41918</subfield>
    <subfield code="b">41918</subfield>
    <subfield code="c">Agrobase</subfield>
    <subfield code="l">0</subfield>
    <subfield code="o">3575 BR8500403</subfield>
    <subfield code="r">2024-05-20</subfield>
    <subfield code="t">01</subfield>
    <subfield code="y">AM</subfield>
    <subfield code="1">0</subfield>
    <subfield code="d">2024-04-11</subfield>
    <subfield code="e">Portaria Interministerial n&#xBA; 164/94</subfield>
  </datafield>
</record>
